[Event "51st World Juniors"]
[Site "Athens GRE"]
[Date "2012.08.13"]
[Round "11.46"]
[White "Valsecchi, Alessio"]
[Black "Liodakis, Konstantinos-Spyros"]
[Result "1-0"]
[WhiteTitle "IM"]
[WhiteElo "2427"]
[BlackElo "2130"]
[WhiteFideId "818860"]
[BlackFideId "4217136"]
[EventDate "2012.08.02"]

1. c4 e6 2. g3 d5 3. Bg2 Nf6 4. Nf3 c5 5. O-O Nc6 6. d4 dxc4 7. Ne5 Bd7 8. Nxc4
cxd4 9. Bf4 Nd5 10. Nd6+ Bxd6 11. Bxd6 Nde7 12. Nd2 e5 13. b4 Be6 14. Bc5 Bd5
15. Ne4 O-O 16. b5 Na5 17. Qd2 b6 18. Bb4 Bxe4 19. Bxe4 Rc8 20. Rac1 Re8 21. f4
Nc4 22. Rxc4 Rxc4 23. Bxh7+ Kh8 24. Bd3 Rc7 25. fxe5 Nd5 26. Bd6 Rd7 27. Bb1 Kg8
28. Qxd4 Nc7 29. a4 Ne6 30. Qd3 g6 31. Rf6 Qc8 32. Ba2 Qc1+ 33. Kg2 Qg5 34. h4
Qg4 35. Bd5 Kg7 36. Bxe6 Rxe6 37. Rf4 Qh5 38. Bf8+ Kxf8 39. Qxd7 Qxe2+ 40. Kh3
Re7 41. Qd8+ Re8 42. Qf6 Qa2 43. Qxg6 Re7 44. Qh6+ Ke8 45. Qh8+ Kd7 46. Rd4+ 1-0

[Event "51st World Juniors"]
[Site "Athens GRE"]
[Date "2012.08.13"]
[Round "11.47"]
[White "Naoum, Spyridon"]
[Black "Rios, Cristhian Camilo"]
[Result "1/2-1/2"]
[BlackTitle "FM"]
[WhiteElo "2146"]
[BlackElo "2398"]
[WhiteFideId "4227506"]
[BlackFideId "4403940"]
[EventDate "2012.08.02"]

1. d4 Nf6 2. c4 e6 3. Nc3 Bb4 4. g3 O-O 5. Bg2 d6 6. Nf3 Nbd7 7. Qc2 e5 8. O-O
Bxc3 9. Qxc3 e4 10. Ne1 a5 11. Nc2 Re8 12. b3 Nf8 13. Bb2 c6 14. d5 c5 15. a4
Bd7 16. h3 Qc8 17. g4 Ng6 18. Qg3 Ne5 19. f4 exf3 20. exf3 Qd8 21. f4 Ng6 22.
Rae1 Rxe1 23. Rxe1 Ne8 24. Qc3 f6 25. Qg3 Rc8 26. h4 Nf8 27. Bh3 Rc7 28. f5 Bc8
29. Ne3 Re7 30. Ng2 Nd7 31. Nf4 Rxe1+ 32. Qxe1 Ne5 33. Kg2 Bd7 34. Kg3 Qb6 35.
Qc3 Qb4 1/2-1/2

[Event "51st World Juniors"]
[Site "Athens GRE"]
[Date "2012.08.13"]
[Round "11.48"]
[White "Caetano, Hugo Zanotti Mendonca"]
[Black "Velten, Paul"]
[Result "0-1"]
[BlackTitle "FM"]
[WhiteElo "2109"]
[BlackElo "2366"]
[WhiteFideId "2119420"]
[BlackFideId "681091"]
[EventDate "2012.08.02"]

1. d4 d5 2. c4 dxc4 3. e3 Nf6 4. Bxc4 e6 5. Nf3 c5 6. O-O a6 7. a4 Nc6 8. Qe2
cxd4 9. Rd1 Be7 10. exd4 O-O 11. Nc3 Nb4 12. Ne5 h6 13. h3 Bd6 14. Bf4 b6 15.
Rac1 Qe7 16. Bg3 Rd8 17. Bh4 g5 18. Bg3 Bb7 19. h4 Nbd5 20. hxg5 Nxc3 21. Rxc3
hxg5 22. Re3 Nd5 23. Rb3 f6 24. Ng6 Qe8 25. Bxd6 Rxd6 26. Bd3 Qxa4 27. Bc2 Rc8
28. Qh5 Rxc2 29. Rh3 Rc7 30. Qh8+ Kf7 31. Ne5+ fxe5 32. Rh7+ Kg6 33. Qg8+ Kf5
34. Qf8+ Nf6 35. Re1 Rxh7 36. dxe5 Rd1 37. Qxf6+ Kg4 38. Qxe6+ Kh5 39. Qh3+ Kg6
40. Qe6+ Kg7 41. Qe7+ Kg8 42. Qe6+ Rf7 43. Qg6+ Kf8 44. Qh6+ Ke8 45. Qh8+ Ke7 0-1

[Event "51st World Juniors"]
[Site "Athens GRE"]
[Date "2012.08.13"]
[Round "11.49"]
[White "Nishant, Malhotra"]
[Black "Dounis, Alexandros"]
[Result "1-0"]
[WhiteElo "2076"]
[BlackElo "2298"]
[WhiteFideId "5099129"]
[BlackFideId "4213238"]
[EventDate "2012.08.02"]

1. d4 Nf6 2. c4 g6 3. f3 d5 4. cxd5 Nxd5 5. e4 Nb6 6. Nc3 Bg7 7. Be3 O-O 8. Qd2
e5 9. d5 c6 10. h4 cxd5 11. exd5 N8d7 12. h5 Nf6 13. hxg6 fxg6 14. g4 Nfxd5 15.
Rd1 Be6 16. Qh2 Rf4 17. Qxh7+ Kf8 18. Bc5+ Kf7 19. Ne4 Qh8 20. Ng5+ Kf6 21. Nxe6
Kxe6 22. Qxg6+ Rf6 23. Rxh8 Rxg6 24. Rxa8 Nxa8 25. Bc4 Nc7 26. Ne2 b6 27. Ba3
Rh6 28. Nc3 Rh1+ 29. Ke2 Rh2+ 30. Kd3 b5 31. Nxb5 Nxb5 32. Bxb5 Kf6 33. Ke4 Nf4
34. Rd7 Rh1 35. Bb4 Ne6 36. Rd6 Rc1 37. b3 a5 38. Bd2 Rc2 39. Bc4 Rxc4+ 40. bxc4 1-0

[Event "51st World Juniors"]
[Site "Athens GRE"]
[Date "2012.08.13"]
[Round "11.50"]
[White "Haarr, Jon Kristian"]
[Black "Vaicekauskas, Gytis"]
[Result "0-1"]
[WhiteElo "2245"]
[BlackElo "2079"]
[WhiteFideId "1505963"]
[BlackFideId "12805459"]
[EventDate "2012.08.02"]

1. e4 e6 2. d4 d5 3. exd5 exd5 4. c4 Nf6 5. Nc3 c6 6. Bd3 Be7 7. Nge2 O-O 8. O-O
dxc4 9. Bxc4 Nbd7 10. Bb3 Nb6 11. Re1 Bd6 12. Ng3 Bc7 13. Qd3 Nfd5 14. a3 Bd7
15. Bd2 Qh4 16. Re4 Bf5 17. Rxh4 Bxd3 18. Rc1 Rad8 19. Nce4 Bxe4 20. Nxe4 Rfe8
21. Nc5 Re2 22. Rd1 Rde8 23. Kf1 Bd8 24. Rh3 Bf6 25. Rd3 R2e7 26. g3 h6 27. Re1
Rxe1+ 28. Bxe1 Re7 29. Rd1 Nc8 30. Ba2 Nd6 31. Na4 Nb5 32. Nc3 Nbc7 33. h4 g6
34. Ne2 Rd7 35. Bd2 Kg7 36. Bc1 Nb5 37. a4 Nbc7 38. b3 Re7 39. Bb2 Nb4 40. Bb1
Rd7 41. Ba3 Nbd5 42. Ke1 Ne6 43. Be4 Kg8 44. Rd3 Ndc7 45. Bb2 Nd5 46. Rd2 Bg7
47. Kd1 Nb4 48. Ba3 Nd5 49. Kc2 Ndc7 50. Bb2 Nd5 51. Bg2 Nb4+ 52. Kc3 a5 53. Kc4
Nc7 54. Bc3 Bf6 55. Bb2 Ncd5 56. Bxd5 Rxd5 57. Nc3 Rd8 58. Ne4 Nd5 59. Re2 Bg7
60. Nc5 b6 61. Nb7 Rb8 62. Nd6 Bf8 63. Ne4 Bg7 64. Ba3 Rd8 65. Nd2 b5+ 66. Kd3
Nb4+ 67. Bxb4 Rxd4+ 68. Kc2 Rxb4 69. Re8+ Kh7 70. axb5 cxb5 71. Re7 Kg8 72. Re8+
Kh7 73. Re7 f5 74. Ra7 a4 75. bxa4 bxa4 76. Kd3 g5 77. hxg5 hxg5 78. Nf3 Kg6 79.
Ra6+ Kh5 80. Nd2 Bd4 81. f3 Be5 82. Ra5 Bxg3 83. Rxf5 Bf4 84. Ra5 Rb2 85. Nc4
Rb3+ 86. Ke4 Rb4 87. Kd3 Kh4 88. Kc3 Rb3+ 89. Kd4 Rxf3 90. Rxa4 Rf1 91. Ke4 g4
92. Ra8 Kg3 93. Rg8 Rc1 94. Kf5 Rxc4 95. Rxg4+ Kf3 96. Rg1 Rc5+ 97. Ke6 Ke4 98.
Re1+ Be3 99. Kd6 Rb5 100. Kc6 Rb6+ 101. Kc7 Rh6 102. Kd7 Kd4 103. Ke7 Bf4 104.
Kf7 Be5 105. Rd1+ Ke4 106. Rf1 Bf4 107. Kg7 Ra6 108. Rb1 Kf5 109. Rf1 Ra7+ 110.
Kf8 Ke5 111. Rb1 Kf6 112. Rb6+ Kf5 113. Ke8 Be5 114. Rc6 Bf6 115. Rb6 Re7+ 116.
Kf8 Kg6 117. Ra6 Rd7 118. Re6 Kf5 119. Re2 Rb7 120. Ke8 Be5 121. Kf8 Ke6 122.
Kg8 Rg7+ 123. Kf8 Rh7 124. Rg2 Ra7 125. Rg6+ Bf6 126. Kg8 Ra8+ 127. Kh7 Rh8# 0-1

[Event "51st World Juniors"]
[Site "Athens GRE"]
[Date "2012.08.13"]
[Round "11.51"]
[White "Sreeves, Clement"]
[Black "Kvaratskhelia, Dimitri"]
[Result "1-0"]
[WhiteElo "2191"]
[BlackElo "2093"]
[WhiteFideId "2402564"]
[BlackFideId "13604295"]
[EventDate "2012.08.02"]

1. e4 c5 2. Nf3 e6 3. d4 cxd4 4. Nxd4 a6 5. Nc3 Qc7 6. Bd3 Nf6 7. O-O Nc6 8.
Nxc6 dxc6 9. f4 e5 10. Kh1 Bc5 11. Qf3 Bd6 12. f5 b5 13. Qg3 Nh5 14. Qg5 g6 15.
Ne2 h6 16. Qg4 Rh7 17. Qf3 Be7 18. a4 b4 19. a5 Nf6 20. Be3 c5 21. fxg6 fxg6 22.
b3 Bb7 23. c3 Rd8 24. Bc2 h5 25. Qg3 Ng4 26. h3 Bc8 27. hxg4 hxg4+ 28. Kg1 Bh4
29. Qh2 Bf2+ 30. Rxf2 Rxh2 31. Kxh2 Qe7 32. Kg3 Be6 33. Raf1 Kd7 34. Rd1+ Kc6
35. Rxd8 Qxd8 36. Nc1 g5 37. Nd3 Kb5 38. Nxc5 Qh8 39. Bd3+ Kc6 40. Bxg5 Kxc5 41.
Be3+ Kd6 42. cxb4 Qa8 43. Bc5+ Kd7 44. Rf6 Qh8 45. Rf1 Qc8 46. Rf8 Qc6 47. Rf6
Qc8 48. Rf8 Qc6 49. Rb8 Bxb3 50. Rb6 Qa4 51. Bxa6 Qa3 52. Bb5+ Kd8 53. Kxg4 Bd1+
54. Kf5 Qg3 55. Rd6+ Kc8 56. Bd7+ Kc7 57. Rxd1 Qf4+ 58. Kg6 Qxe4+ 59. Bf5 Qxg2+
60. Kf6 e4 61. Rd7+ Kc6 62. Re7 Qb2+ 63. Kf7 Qb3+ 64. Kg7 Qc3+ 65. Kf7 Qf3 66.
Kf6 Qc3+ 67. Re5 e3 68. b5+ 1-0

[Event "51st World Juniors"]
[Site "Athens GRE"]
[Date "2012.08.13"]
[Round "11.52"]
[White "Michelakos, Panagiotis"]
[Black "Muhammad, Luthfi Ali"]
[Result "1/2-1/2"]
[BlackTitle "CM"]
[WhiteElo "2185"]
[BlackElo "2078"]
[WhiteFideId "4216067"]
[BlackFideId "7103743"]
[EventDate "2012.08.02"]

1. d4 Nf6 2. c4 g6 3. Nc3 Bg7 4. e4 d6 5. Be2 O-O 6. Bg5 c6 7. Qd2 e5 8. Nf3 Qc7
9. O-O Na6 10. Rac1 Re8 11. d5 c5 12. Ne1 h5 13. a3 Nh7 14. Be3 f5 15. exf5 Bxf5
16. b4 e4 17. Nb5 Qe7 18. bxc5 dxc5 19. Nc2 Be5 20. Bf4 Nf6 21. Bxe5 Qxe5 22.
Ne3 Bd7 23. Rfd1 Kg7 24. Qc3 Qxc3 25. Nxc3 Re5 26. Re1 b6 27. Bd1 Ne8 28. Nf1
Nd6 29. Nd2 Rae8 30. Re3 Nc7 31. a4 Na6 32. Bc2 Nb4 33. Bb1 a6 34. h3 b5 35.
axb5 axb5 36. Ncxe4 Nxe4 37. Nxe4 bxc4 38. Nxc5 Rxd5 39. Rxe8 Bxe8 40. Ne6+ Kh6
41. Nc7 Re5 42. Rxc4 Re1+ 43. Kh2 Rxb1 44. Nxe8 Nd3 45. f3 Rb2 46. Re4 Kg5 47.
h4+ Kf5 48. Nd6+ Kf6 49. Kg3 Ra2 50. Nb5 Nc5 51. Rc4 Nd3 52. Nc3 Rb2 53. Re4 Kf7
54. Nd5 Rb7 55. Re3 Nc5 56. Rc3 Ne6 57. Rc4 Rd7 58. Ne3 Rd3 59. Nc2 Rd2 60. Ne3
Rd3 61. Re4 Rb3 62. Nc4 Ng7 63. Kf4 Kf6 64. Ne5 Ne6+ 65. Kg3 Nc5 66. Re2 Rb4 67.
Nc6 Rc4 68. Ne5 Ra4 69. Nc6 1/2-1/2

[Event "51st World Juniors"]
[Site "Athens GRE"]
[Date "2012.08.13"]
[Round "11.53"]
[White "Koutoukidis, Panagiotis"]
[Black "Poulopoulos, Ioannis"]
[Result "1/2-1/2"]
[WhiteElo "2167"]
[BlackElo "2007"]
[WhiteFideId "4244702"]
[BlackFideId "4218078"]
[EventDate "2012.08.02"]

1. e4 c5 2. Nf3 d6 3. d4 Nf6 4. Nc3 cxd4 5. Nxd4 g6 6. Be3 Bg7 7. f3 O-O 8. Bc4
Nc6 9. Qd2 Bd7 10. O-O-O Rc8 11. Bb3 Nxd4 12. Bxd4 b5 13. Nd5 Nxd5 14. Bxg7 Kxg7
15. exd5 a5 16. a3 Kg8 17. Rhe1 Rc5 18. Re3 b4 19. axb4 axb4 20. Qxb4 Qa8 21.
Kd2 Rb8 22. Qd4 e5 23. dxe6 Bxe6 24. Rxe6 Rxb3 25. Rxd6 Qa5+ 26. Ke2 Rxc2+ 27.
Kf1 Rb8 28. Rd8+ Rxd8 29. Qxd8+ Qxd8 30. Rxd8+ Kg7 31. b4 Rb2 32. Rb8 Kf6 33. b5
Ke6 34. b6 Kd6 35. b7 Kc6 36. Rh8 Rxb7 37. Rxh7 Kd5 38. Kf2 Ke6 39. g4 g5 40.
Kg3 Rb3 41. Rh6+ f6 42. h4 gxh4+ 43. Rxh4 Kf7 44. Rh7+ Kg6 45. Ra7 Rc3 46. Ra4
Rb3 47. Ra5 Rc3 48. Rf5 Ra3 49. Kh4 Rb3 50. f4 Rf3 51. Ra5 1/2-1/2

[Event "51st World Juniors"]
[Site "Athens GRE"]
[Date "2012.08.13"]
[Round "11.54"]
[White "Larmuseau, Michiel"]
[Black "Stepanyan, Henrik"]
[Result "1/2-1/2"]
[WhiteElo "2154"]
[BlackElo "2022"]
[WhiteFideId "263214"]
[BlackFideId "401030"]
[EventDate "2012.08.02"]

1. e4 e5 2. Nf3 Nc6 3. Bb5 Nf6 4. O-O Nxe4 5. d4 Nd6 6. Bxc6 dxc6 7. dxe5 Nf5 8.
Qxd8+ Kxd8 9. Rd1+ Ke8 10. b3 Be7 11. Bb2 Be6 12. Nc3 Rd8 13. Rxd8+ Kxd8 14.
Rd1+ Kc8 15. Ne2 Rd8 16. Rxd8+ Kxd8 17. Nd2 Bb4 18. c3 Be7 19. Nf4 Kd7 20. Nxe6
Kxe6 21. Nf3 Kd5 22. Kf1 b5 23. h3 c5 24. Nd2 c4 25. bxc4+ bxc4 26. g3 Kxe5 27.
Nxc4+ Kd5 28. Nd2 Nd6 29. Ba3 c5 30. Ke2 Bf6 31. Kd3 c4+ 32. Kc2 Ne4 33. Nxe4
Kxe4 34. Bc5 a6 35. h4 h5 36. Kd2 Kf3 37. Be3 Be5 38. Bc5 f6 39. Be3 Bd6 40. Bd4
Be7 41. Ke1 g5 42. hxg5 fxg5 43. Kf1 h4 44. gxh4 gxh4 45. Kg1 Bd6 46. Kh1 h3 47.
Kg1 h2+ 48. Kh1 Bf4 49. a4 Ke2 50. Kg2 Kd3 51. a5 Bc7 52. Bg7 Bxa5 53. f4 Ke4
54. Be5 Bxc3 55. Bxc3 Kxf4 56. Kxh2 Ke3 57. Kg3 Kd3 58. Bb4 c3 59. Kf4 a5 60.
Ba3 a4 61. Kf3 Kc4 62. Ke3 Kb3 63. Kd3 Kxa3 64. Kxc3 Ka2 65. Kc2 a3 66. Kc1 Kb3
67. Kb1 Kc4 68. Ka2 Kd5 69. Kxa3 1/2-1/2

[Event "51st World Juniors"]
[Site "Athens GRE"]
[Date "2012.08.13"]
[Round "11.55"]
[White "Jefic, Srdjan"]
[Black "Capone, Nicola"]
[Result "1/2-1/2"]
[WhiteElo "2165"]
[BlackElo "2120"]
[WhiteFideId "14403080"]
[BlackFideId "224715"]
[EventDate "2012.08.02"]

1. e4 c5 2. Nf3 d6 3. d4 cxd4 4. Nxd4 Nf6 5. Nc3 Nc6 6. Bg5 e6 7. Qd2 a6 8.
O-O-O Bd7 9. f3 h6 10. Be3 b5 11. Nxc6 Bxc6 12. Ne2 Qc7 13. Nd4 Bb7 14. Bd3 Nd7
15. Kb1 Ne5 16. Qf2 Nc4 17. Bc1 Qb6 18. Rhf1 d5 19. exd5 Bxd5 20. Be4 O-O-O 21.
Nb3 Qxf2 22. Rxf2 Bxe4 23. Rxd8+ Kxd8 24. fxe4 f6 25. c3 Bd6 26. h3 Rf8 27. Kc2
Ke7 28. Nd4 h5 29. b3 Ne5 30. Be3 g5 31. Nf3 Ng6 32. Rd2 g4 33. hxg4 hxg4 34.
Nd4 Rc8 35. Ne2 Nh4 36. Nf4 Bxf4 37. Bxf4 e5 38. Be3 Ke6 39. Rf2 Rg8 40. c4 bxc4
41. bxc4 f5 42. exf5+ Nxf5 43. Re2 e4 44. Bb6 Ke5 45. Bc7+ Kd4 46. Bb6+ 1/2-1/2

[Event "51st World Juniors"]
[Site "Athens GRE"]
[Date "2012.08.13"]
[Round "11.56"]
[White "Nadirashvili, Shalva"]
[Black "Du Plessis, Heinco"]
[Result "1-0"]
[WhiteElo "2151"]
[BlackElo "2075"]
[WhiteFideId "13601512"]
[BlackFideId "14306263"]
[EventDate "2012.08.02"]

1. d4 Nf6 2. c4 c5 3. d5 e5 4. Nc3 d6 5. e4 Be7 6. h3 h5 7. Nf3 Nbd7 8. Bd3 Nf8
9. Be3 Ng6 10. Qd2 h4 11. a3 Bd7 12. Ng1 Nh7 13. Nge2 Bg5 14. Bxg5 Qxg5 15. Qxg5
Nxg5 16. b4 b6 17. Kd2 O-O 18. bxc5 bxc5 19. Rhb1 Rab8 20. a4 a6 21. a5 f6 22.
Rb6 Rxb6 23. axb6 Bc8 24. Bc2 Nf4 25. Nxf4 exf4 26. f3 Nf7 27. Ne2 Ne5 28. Kc3
g5 29. Ba4 Bb7 30. Nc1 Rb8 31. Nd3 Kf7 32. Rb1 Ke7 33. Nc1 Bc8 34. Nd3 Bb7 35.
Nxe5 fxe5 36. Kb3 Bc8 37. Ka3 Bd7 38. Bc6 Kd8 39. Ka4 Bc8 40. Ka5 1-0

[Event "51st World Juniors"]
[Site "Athens GRE"]
[Date "2012.08.13"]
[Round "11.57"]
[White "Vandevenne, Sander"]
[Black "Zulfic, Fedja"]
[Result "1-0"]
[WhiteElo "2083"]
[BlackElo "2135"]
[WhiteFideId "223000"]
[BlackFideId "3208427"]
[EventDate "2012.08.02"]

1. e4 c5 2. c3 d6 3. d4 Nf6 4. Bd3 g6 5. Be3 Qc7 6. Nf3 Bg7 7. O-O O-O 8. Nbd2
Bg4 9. h3 Bxf3 10. Nxf3 Nbd7 11. Qd2 Rfb8 12. b4 c4 13. Bc2 a5 14. b5 a4 15.
Rab1 a3 16. Rb4 Nb6 17. Qe2 Ra5 18. Nd2 Rc8 19. f4 d5 20. e5 Ne8 21. f5 e6 22.
f6 Bf8 23. Rbb1 Na4 24. Bxa4 Rxa4 25. b6 Qc6 26. Nf3 h6 27. Qd2 Kh7 28. Nh2 Ra6
29. Ng4 Rxb6 30. Bxh6 Kg8 31. Bxf8 Kxf8 32. Qh6+ Kg8 33. Nh2 Rxb1 34. Rxb1 Qa4
35. Nf3 g5 36. Rc1 1-0

[Event "51st World Juniors"]
[Site "Athens GRE"]
[Date "2012.08.13"]
[Round "11.58"]
[White "Kalogridakis, Georgios"]
[Black "Jones, William E G"]
[Result "1-0"]
[WhiteElo "2017"]
[BlackElo "2127"]
[WhiteFideId "4249666"]
[BlackFideId "470554"]
[EventDate "2012.08.02"]

1. e4 c5 2. Nf3 d6 3. d4 cxd4 4. Nxd4 Nf6 5. Nc3 a6 6. Be2 e5 7. Nb3 Be7 8. Bg5
Be6 9. Bxf6 Bxf6 10. Qd3 O-O 11. O-O-O Be7 12. Nd5 Bxd5 13. Qxd5 Qb6 14. Rhf1
Nd7 15. Kb1 Nf6 16. Qd2 Rfd8 17. Bf3 Rac8 18. h4 Rc7 19. g4 Nd7 20. g5 Nf8 21.
Nc1 Ng6 22. Ne2 Nxh4 23. Nc3 Rxc3 24. Qxc3 Bxg5 25. Bh5 Ng6 26. Bxg6 hxg6 27.
Qc4 Rd7 28. Rg1 Bf6 29. Rg2 Kf8 30. Rh2 Rc7 31. Qe2 Ke7 32. Rh8 Qc6 33. Qd3 Qb6
34. Rg8 Rc6 35. Qe2 Qc5 36. Rh1 Qc4 37. Qd3 Qxd3 38. cxd3 Bg5 39. Rxg7 Ke6 40.
a3 Bf6 41. Rg8 Bg5 42. f3 Bf4 43. Re8+ Kf6 44. Reh8 Ke6 45. Rb8 Rc7 46. Rf1 f5
47. Rg1 Rg7 48. Rg2 Be3 49. Re8+ Kf7 50. Rd8 Ke7 51. Rc8 Ke6 52. Rgc2 d5 53.
R2c7 Rxc7 54. Rxc7 dxe4 55. dxe4 fxe4 56. fxe4 b6 57. Rc6+ Kf7 58. b4 Kg7 59.
Kc2 Kh6 60. a4 Kh5 61. Kd3 Bd4 62. a5 bxa5 63. bxa5 g5 64. Rxa6 g4 65. Ke2 Kg5
66. Kf1 Kf4 67. Rg6 Kxe4 68. Rxg4+ Kd5 69. a6 Kc6 70. Rg7 e4 71. a7 1-0

[Event "51st World Juniors"]
[Site "Athens GRE"]
[Date "2012.08.13"]
[Round "11.59"]
[White "Yurtseven, Melih"]
[Black "Alexiadis, Hristos"]
[Result "1-0"]
[WhiteElo "2126"]
[BlackElo "1769"]
[WhiteFideId "6312160"]
[BlackFideId "4249623"]
[EventDate "2012.08.02"]

1. e4 c5 2. Nf3 d6 3. d4 Nf6 4. Nc3 cxd4 5. Nxd4 a6 6. Bg5 e6 7. Qe2 Be7 8.
O-O-O Nbd7 9. f4 h6 10. Bh4 g5 11. fxg5 Nh7 12. Nxe6 fxe6 13. Qh5+ Kf8 14. Qxh6+
Ke8 15. Kb1 Bxg5 16. Bxg5 Qxg5 17. Qxe6+ Qe7 18. Qg6+ Qf7 19. Qxd6 Qf8 20. Qd2
Nhf6 21. Bc4 Rh4 22. Rhf1 Qe7 23. Bb3 Rxh2 24. e5 Nxe5 25. Rxf6 Qxf6 26. Nd5 Qd6
27. Qf4 Rh6 28. Nc7+ Qxc7 29. Qxh6 Bd7 30. Qh8+ Ke7 31. Qg7+ Ke8 32. Re1 Qd6 33.
Rxe5+ Kd8 34. Rd5 Qe7 35. Qg3 Rc8 36. a3 b5 37. Ka2 a5 38. Rd6 a4 39. Be6 Qxe6+
40. Rxe6 Bxe6+ 41. Kb1 Rc7 42. Qd6+ Bd7 43. g4 Rc4 44. g5 Rg4 45. g6 Ke8 46.
Qe5+ Kd8 47. Qf6+ Kc7 48. g7 Rg1+ 49. Ka2 Rg4 50. Qc3+ Kd8 51. Qf6+ Kc7 52. Qf7
Kd6 53. Qf8+ Ke5 54. b3 axb3+ 55. Kxb3 Be6+ 56. Kb2 Bc4 57. Qf3 Rg6 58. a4 bxa4
59. Qh5+ Kf6 60. Qh4+ Kxg7 61. Qxc4 a3+ 62. Kxa3 Rg3+ 63. Kb2 Rg6 64. Qd4+ Kf7
65. c4 Rg2+ 66. Kb3 Rg3+ 67. Kb4 Rg6 68. c5 Re6 69. Kb5 Ke7 70. Qd5 Rf6 71. c6
Rd6 72. Qe5+ Re6 73. Qg5+ Kf7 74. Kb6 Kf8 75. Kb7 Re7+ 76. Qxe7+ Kxe7 77. c7 Kd6
78. c8=Q 1-0

[Event "51st World Juniors"]
[Site "Athens GRE"]
[Date "2012.08.13"]
[Round "11.60"]
[White "Tsiros, Fragkiskos Vlasios"]
[Black "Torkkola, Henri"]
[Result "0-1"]
[WhiteElo "1897"]
[BlackElo "2123"]
[WhiteFideId "4228200"]
[BlackFideId "507660"]
[EventDate "2012.08.02"]

1. e4 d5 2. exd5 Qxd5 3. Nc3 Qd6 4. d4 Nf6 5. Nf3 c6 6. Ne5 Nbd7 7. f4 Nb6 8. g4
Be6 9. Bg2 g6 10. O-O Rd8 11. g5 Nfd7 12. Ne4 Qc7 13. Qf3 Bg7 14. a4 O-O 15. c3
f5 16. gxf6 exf6 17. Nxd7 Nxd7 18. b4 Rfe8 19. Qg3 f5 20. Ng5 Bc4 21. Re1 Rxe1+
22. Qxe1 Nf6 23. Nf3 Bd5 24. Ng5 Re8 25. Qg3 Re2 26. Bxd5+ Nxd5 27. Qf3 Qe7 28.
a5 h6 29. Nh3 Nxc3 30. Qxc3 Qe4 31. Qc4+ Kh7 32. Qxe2 Qxe2 33. Ra3 Bxd4+ 0-1

[Event "51st World Juniors"]
[Site "Athens GRE"]
[Date "2012.08.13"]
[Round "11.61"]
[White "Kalofonos, Panayotis"]
[Black "Zwakala, Ntando"]
[Result "0-1"]
[WhiteElo "1806"]
[BlackElo "2054"]
[WhiteFideId "4233824"]
[BlackFideId "14308967"]
[EventDate "2012.08.02"]

1. e4 c5 2. Nf3 e6 3. Nc3 a6 4. d4 cxd4 5. Nxd4 Qc7 6. Bd3 Nf6 7. f4 Bb4 8. Bd2
d6 9. Qe2 Nbd7 10. O-O-O b5 11. Kb1 Bc5 12. Nf3 Bb7 13. Rde1 Rc8 14. h3 Nh5 15.
Nh4 Ng3 16. Qg4 Nxh1 17. Qxg7 Rf8 18. Rxh1 Qd8 19. Qxh7 Qf6 20. e5 dxe5 21. fxe5
Nxe5 22. Rf1 Qh8 23. Ne4 Be7 24. Qxh8 Rxh8 25. Nf3 Nxf3 26. gxf3 Rxh3 27. f4 f5
28. Nf2 Rh2 29. Be3 Bc5 30. Bxc5 Rxc5 0-1

[Event "51st World Juniors"]
[Site "Athens GRE"]
[Date "2012.08.13"]
[Round "11.62"]
[White "Haria, Ravi"]
[Black "Hatzoudis, Gerasimos"]
[Result "1-0"]
[WhiteElo "2054"]
[BlackElo "1843"]
[WhiteFideId "415820"]
[BlackFideId "4221370"]
[EventDate "2012.08.02"]

1. e4 c5 2. Nf3 d6 3. d4 cxd4 4. Nxd4 Nf6 5. Nc3 a6 6. Be2 e5 7. Nb3 Be7 8. O-O
O-O 9. Kh1 Be6 10. f4 exf4 11. Bxf4 Nc6 12. Qe1 Rc8 13. Rd1 Qc7 14. Qg3 Ne5 15.
Nd4 b5 16. Nf5 Bxf5 17. exf5 Kh8 18. a3 Rfe8 19. Rd4 Qc5 20. Be3 Qc6 21. Rfd1 d5
22. Bg5 Ne4 23. Nxe4 dxe4 24. Bxe7 Rxe7 25. Rd6 Qxc2 26. f6 gxf6 27. Qf4 Rce8
28. Qxf6+ Kg8 29. Qg5+ Ng6 30. R6d2 Qc7 31. Rd6 Qc2 32. R6d2 Qc7 33. g3 e3 34.
Rd6 Qc2 35. Qg4 Qxb2 36. h4 Qg7 37. Rxa6 Ne5 38. Qh3 Nc4 39. Rd5 Re5 40. Rd4 Re4
41. Rxe4 Qa1+ 42. Kg2 Rxe4 43. Qc8+ Kg7 44. h5 Re6 45. Rxe6 fxe6 46. Qd7+ Kf6
47. h6 Qa2 48. Qg7+ 1-0

[Event "51st World Juniors"]
[Site "Athens GRE"]
[Date "2012.08.13"]
[Round "11.63"]
[White "Cajahuanca Ramirez, Olindo"]
[Black "Wu, Kevin"]
[Result "1-0"]
[WhiteElo "1856"]
[BlackElo "1905"]
[WhiteFideId "3811530"]
[BlackFideId "2609720"]
[EventDate "2012.08.02"]

1. d4 g6 2. e4 Bg7 3. Nc3 c5 4. dxc5 Qa5 5. Bd2 Qxc5 6. Bd3 Nf6 7. Nf3 O-O 8.
O-O d5 9. b4 Qc6 10. Bb5 Qb6 11. Be3 Qc7 12. e5 Qxc3 13. exf6 Bxf6 14. Qxd5 Nc6
15. Bd2 Qxc2 16. Bd3 Be6 17. Qe4 Qa4 18. b5 Qxe4 19. Bxe4 Nd4 20. Nxd4 Bxd4 21.
Bxb7 Rab8 22. Bc6 Bxa1 23. Rxa1 Rfd8 24. Be3 Bxa2 25. Bxa7 Rbc8 26. h4 Rd2 27.
Be3 Rb2 28. Be4 f5 29. Rxa2 Rxb5 30. Bf3 e5 31. g3 Rc7 32. Ra6 Kf7 33. Bc6 Rb4
34. Kg2 e4 35. Bf4 Rc8 36. Bd5+ Ke8 37. Re6+ Kd8 38. Bc6 Rxc6 39. Rxc6 Rb7 40.
h5 gxh5 41. Rf6 Rb5 42. Rf7 h4 43. gxh4 h5 44. Rh7 1-0

[Event "51st World Juniors"]
[Site "Athens GRE"]
[Date "2012.08.13"]
[Round "11.64"]
[White "Davis, Ashley J"]
[Black "Papasimakopoulos, Vasilios"]
[Result "0-1"]
[WhiteElo "1929"]
[BlackElo "1820"]
[WhiteFideId "407798"]
[BlackFideId "4244141"]
[EventDate "2012.08.02"]

1. d4 f5 2. Bg5 g6 3. Nc3 Bg7 4. e4 fxe4 5. Nxe4 d5 6. Ng3 c5 7. Be3 Nc6 8. c3
Qb6 9. Qd2 cxd4 10. cxd4 Bxd4 11. Bxd4 Qxd4 12. Qxd4 Nxd4 13. O-O-O Nc6 14. Rxd5
Be6 15. Rb5 O-O-O 16. a3 Nf6 17. Nf3 Rhf8 18. Be2 Bg8 19. Rc5 Kb8 20. Re1 Ng4
21. Ne4 Rf4 22. Bd1 Rxe4 23. Rxe4 Nxf2 24. Re3 Rxd1+ 25. Kc2 Rd6 26. b4 Ng4 27.
Re2 Bd5 28. Rd2 Bxf3 29. gxf3 Ne3+ 30. Kc3 Rxd2 31. Kxd2 Nf5 32. Kd3 a6 33. Ke4
Kc7 34. a4 Kb6 35. a5+ Kc7 36. Kf4 Kd6 37. Kg5 Nxb4 38. Rxf5 gxf5 39. Kh6 Nd5
40. Kxh7 b5 0-1

[Event "51st World Juniors"]
[Site "Athens GRE"]
[Date "2012.08.13"]
[Round "11.65"]
[White "Panagos, Theodoros"]
[Black "Zervos, Lazaros"]
[Result "1/2-1/2"]
[WhiteElo "1768"]
[BlackElo "1799"]
[WhiteFideId "4236955"]
[BlackFideId "4238362"]
[EventDate "2012.08.02"]

1. e4 c5 2. Nf3 d6 3. d4 cxd4 4. Nxd4 Nf6 5. Nc3 a6 6. Be3 e5 7. Nb3 Be6 8. f3
Be7 9. Qd2 Nbd7 10. O-O-O O-O 11. g4 b5 12. g5 b4 13. Ne2 Ne8 14. f4 a5 15. f5
a4 16. fxe6 axb3 17. exf7+ Rxf7 18. cxb3 Rxa2 19. Ng3 Rxf1 20. Rhxf1 Ra1+ 21.
Kc2 Qc8+ 22. Kd3 Qa6+ 23. Kc2 Qc8+ 24. Kd3 Qa6+ 25. Kc2 Qc8+ 1/2-1/2